Sports Quiz

Random Sports or MLB Quiz
Score 0/30 Timer 12:00
0 Plays Today
Hint Answer % Correct
4494-4611Astros
100%
4637-4629Angels
66.7%
8931-9387 A's
66.7%
3151-3528Mariners
33.3%
4422-4828Rangers
33.3%
8802-9542Twins
33.3%
3842-4119Royals
33.3%
9299-9077Tigers
33.3%
9384-8968Indians
33.3%
9211-9126White Sox
33.3%
3316-3363Blue Jays
33.3%
1590-1810Rays
33.3%
10275-7781Yankees
33.3%
9158-8830Red Sox
33.3%
8714-9620Orioles
33.3%
Hint Answer % Correct
11088-9602Giants
33.3%
3677-4297Padres
33.3%
10868-9762Dodgers
33.3%
1962-2189Rockies
33.3%
1678-1724D'backs
33.3%
10827-9992Cardinals
33.3%
10476-10312Pirates
33.3%
3824-4144Brewers
33.3%
10524-10306Reds
33.3%
10898 -10326Cubs
33.3%
3884-4080Nationals
33.3%
9744-10919Phillies
33.3%
4362-4732Mets
33.3%
1933-2209Marlins
33.3%
10600-10594Braves
33.3%
Remove Ads.
Support Sporcle.
Get the best of Sporcle when you Go Orange. This ad-free experience offers more features, more stats, and more fun while also helping to support Sporcle. Thank you for becoming a member.

You're not logged in!

Compare scores with friends on all Sporcle quizzes.
OR
Log In

Show Comments

Extras

Created Dec 16, 2018ReportNominate
Tags:MLB Quiz, record

Top Quizzes Today


Score Distribution

Your Account Isn't Verified!

In order to create a playlist on Sporcle, you need to verify the email address you used during registration. Go to your Sporcle Settings to finish the process.

Report this User

Report this user for behavior that violates our Community Guidelines.

Details: